ბათუმის შოთა რუსთაველის სახელმწიფო უნივერსიტეტის ბიბლიოთეკა

Теоретическая и математическая физика : (ბიბ.ჩანაწერი № 57152)

000 -LEADER
fixed length control field 00609nam a22001577a 4500
005 - DATE AND TIME OF LATEST TRANSACTION
control field 20191206120145.0
008 - FIXED-LENGTH DATA ELEMENTS--GENERAL INFORMATION
fixed length control field 191206s2019 ru ||||| |||| 00| 0 rus d
020 ## - INTERNATIONAL STANDARD BOOK NUMBER
Qualifying information 0040-5779
041 ## - LANGUAGE CODE
Language code of text/sound track or separate title rus
245 ## - TITLE STATEMENT
Title Теоретическая и математическая физика :
Remainder of title 2019 №1 том 201 /
Statement of responsibility, etc. Гл. ред. A. A Славнов .
260 ## - PUBLICATION, DISTRIBUTION, ETC.
Place of publication, distribution, etc. Москва :
Name of publisher, distributor, etc. наукаь
Date of publication, distribution, etc. 1969 -
300 ## - PHYSICAL DESCRIPTION
Extent V.
653 ## - INDEX TERM--UNCONTROLLED
Uncontrolled term თეორიული და მათემატიკური ფიზიკა
700 ## - ADDED ENTRY--PERSONAL NAME
Personal name Славнов, A. A
Relator term რედაქტორი
9 (RLIN) 5691
942 ## - ADDED ENTRY ELEMENTS (KOHA)
Source of classification or shelving scheme
Koha item type პერიოდიკა

არაა ხელმისაწვდომი ეგზემპლარები.